Southville International School and Colleges
Your cart is empty.
  • Cart
  • Lists
    Public lists Eva Luna New books Lux_list list_1
    Your lists Log in to create your own lists
  • Log in to your account
  • Your cookies
  • Search history
Southville International School and Colleges
  • Advanced search
  • Recent comments
  • Most popular
  • Libraries

Log in to your account

Log in with GOOGLE


If you do not have an external account, but do have a local account, you can still log in:

  1. Home
  2. MARC view: Readings in Philippine history
Normal view MARC view ISBD view

Readings in Philippine history (Record no. 365794)

[ view plain ]
MARC details
000 -LEADER
fixed length control field 00528nam a22001817a 4500
003 - CONTROL NUMBER IDENTIFIER
control field 0
005 - DATE AND TIME OF LATEST TRANSACTION
control field 20231227141043.0
008 - FIXED-LENGTH DATA ELEMENTS--GENERAL INFORMATION
fixed length control field 231227b xxu||||| |||| 00| 0 eng d
020 ## - INTERNATIONAL STANDARD BOOK NUMBER
International Standard Book Number 978-621-406-179-2
050 ## - LIBRARY OF CONGRESS CALL NUMBER
Classification number DS 668
Item number .C67 2018
100 ## - MAIN ENTRY--PERSONAL NAME
Personal name Corpuz, Ronald M.
245 ## - TITLE STATEMENT
Title Readings in Philippine history
Statement of responsibility, etc Ronald M. Corpuz
260 ## - PUBLICATION, DISTRIBUTION, ETC. (IMPRINT)
Place of publication, distribution, etc Manila
Name of publisher, distributor, etc Mindshapers Co., Inc.
Date of publication, distribution, etc c2018.
300 ## - PHYSICAL DESCRIPTION
Extent 254 pages ;
Dimensions 26cm.
504 ## - BIBLIOGRAPHY, ETC. NOTE
Bibliography, etc Includes bibliographical references.
650 ## - SUBJECT ADDED ENTRY--TOPICAL TERM
Topical term or geographic name as entry element Philippines--history.
942 ## - ADDED ENTRY ELEMENTS (KOHA)
Source of classification or shelving scheme Library of Congress Classification
Koha item type Books
Holdings
Withdrawn status Lost status Source of classification or shelving scheme Damaged status Home library Current library Shelving location Date acquired Source of acquisition Sub Shelving location Total Checkouts Total Renewals Full call number Barcode Date last seen Date checked out Price effective from Koha item type
    Library of Congress Classification   College Library College Library Filipiniana Section 12/27/2023 Library Fund   1 1 DS 668 .C67 2018 C23211 07/01/2024 03/15/2024 12/27/2023 Books
    Library of Congress Classification   College Library College Library Filipiniana Section 12/27/2023 Library Fund       DS 668 .C67 2018 C23210 12/27/2023   12/27/2023 Books

Readings in Philippine history

APA

Corpuz R. M., . (2018). Readings in Philippine history. Manila: Mindshapers Co., Inc.

Chicago

Corpuz Ronald M, . 2018. Readings in Philippine history. Manila: Mindshapers Co., Inc.

Harvard

Corpuz R. M., . (2018). Readings in Philippine history. Manila: Mindshapers Co., Inc.

MLA

Corpuz Ronald M, . Readings in Philippine history. Manila: Mindshapers Co., Inc. 2018.

  • Place hold
  • Print
  • Cite
  • Add to your cart (remove)
  • Save record
    BIBTEX Dublin Core MARCXML MARC (non-Unicode/MARC-8) MARC (Unicode/UTF-8) MARC (Unicode/UTF-8, Standard) MODS (XML) RIS
  • More searches
    Search for this title in:
    Other Libraries (WorldCat) Other Databases (Google Scholar) Online Stores (Bookfinder.com) Open Library (openlibrary.org)

Exporting to Dublin Core...

SOUTHVILLE LIBRARY

Southville International School and Colleges Library

1281 Tropical Ave. Cor. Luxembourg St., BF Homes International, Las Pinas City

Tel. No. 8256374 / 252358 Loc. 117/146

Powered by Koha